00858nam a2200253Ia 450000500170000000800390001702000150005604100080007108200160007910000280009524501040012325000220022730000420024950400270029165000290031865000350034765000250038270000410040726400330044833600270048133700330050833800280054104000350056920220316235934.0141017s1994 sp a gr 000 0 spa a84342175380 aspa04a757.22bG711 aCalbó Angrill, Muntsa13aEl gran libro del desnudo ctextos, Muntsa Calbó Angrill ; ilustraciones, Antonio Muñoz Tellado aTercera edición a192 páginas bilustraciones c28 cm aIncluye bibliografía14aDesnudo en el arte2LEMB14aFigura humana en el arte2LEMB14aArte erótico2LEMB1 aMuñoz Tellado, Antonioeilustrador aBarcelona bParramónc1994 atextobtxt2rdacontent asin mediaciónbn2rdamedia avolumenbnc2rdacarrier aCO-BoRNBPbspaerdacCO-BoRNBP